| 000 | 01255nam a2200229Ia 4500 | ||
|---|---|---|---|
| 001 | L149-1055 | ||
| 003 | IT-CnALBA | ||
| 008 | 170116s9999||||xx |||||||||||||| ||und|| | ||
| 040 |
_aIT-CnALBA _cIT-CnALBA |
||
| 041 | _aITALIANO | ||
| 100 | _aVANNI ROVIGHI SOFIA | ||
| 245 | 0 | _aELEMENTI DI FILOSOFIA. INTRODUZIONE LOGICA TEORIA DELLA CONOSCENZA. | |
| 250 | _a3a ed. | ||
| 260 |
_a BRESCIA _bLA SCUOLA, SOCIETÀ EDITRICE _c1966 [1° Ed.:1962 - Ed.Ling.Originale: 1962] |
||
| 300 | _a208 p. | ||
| 500 | _aFILOSOFIA. FILOSOFIA E RELIGIONE. FILOSOFIA E SCIENZA. LOGICA MINORE E MAGGIORE. CONCETTO PROPOSIZIONE ARGOMENTAZIONE. TEORIA DELLA CONOSCENZA O LOGICA MAGGIORE. CONOSCENZA. TEORIA E CRITICA. GLI UNIVERSALI. PRINCIPI PRIMI O VERITÀ IMMEDIATAMENTE EVIDENTI | ||
| 501 | _aSocietà San Paolo EM - Piazza San Paolo, 14 - 12051 ALBA (CN) (non commercial uses only) ® Copyright 2017 | ||
| 520 | _aFILOSOFIA. FILOSOFIA E RELIGIONE. FILOSOFIA E SCIENZA. LOGICA MINORE E MAGGIORE. CONCETTO PROPOSIZIONE ARGOMENTAZIONE. TEORIA DELLA CONOSCENZA O LOGICA MAGGIORE. CONOSCENZA. TEORIA E CRITICA. GLI UNIVERSALI. PRINCIPI PRIMI O VERITÀ IMMEDIATAMENTE EVIDENTI | ||
| 650 | _aALTRI SISTEMI E DOTTRINE FILOSOFICHE | ||
| 942 | _cBK | ||
| 957 | _71 | ||
| 999 |
_a2046 _bNO _g Copie: 1 _c260283 _d260283 |
||